Logos d’entreprises de la Silicon Valley - Statistiques

Statistiques générales
  • Ce quiz a été pris 3 927 fois
  • Le résultat moyen est 14 sur 16
Statistiques - réponses
Par images Réponse % Correct
Apple
100%
Google
100%
Netflix
100%
HP
99%
Microsoft
99%
PayPal
99%
X | Twitter
99%
Yahoo!
98%
eBay
93%
LinkedIn
93%
Electronic Arts
89%
Meta
89%
Intel
87%
Adobe
80%
Nvidia
56%
Dolby
55%
Aucun quiz correspondant
Distribution des résultats
% des personnes avec chaque résultat
Percentile par nombre de réponses
Votre historique - résultats
Vous n’avez pas pris ce quiz